[Event "Mondiale Lampo FIDE 2022"]
[Site "Alma Ata"]
[Date "30.12.2022"]
[Round "19.80"]
[White "Suleymenov, Alisher"]
[Black "Abdilkhair, Abilmansur"]
[Result "0-1"]
[WhiteTitle ""]
[BlackTitle ""]
[WhiteElo "2476"]
[BlackElo "2278"]
[WhiteFideId "13707833"]
[BlackFideId "13716417"]
[EventDate "29.12.2022"]

1. d4 d5 2. c4 dxc4 3. e3 e5 4. Bxc4 exd4 5. exd4 Bd6 6. Nf3 Nf6 7. Qe2+ Be7 8.
O-O O-O 9. h3 h6 10. Nc3 Bd6 11. Qc2 Nc6 12. Re1 a6 13. a3 Ne7 14. Ne5 c6 15.
Qb3 Nfd5 16. Nxd5 Nxd5 17. Bxd5 cxd5 18. Qxd5 Bc7 19. Qxd8 Rxd8 20. Be3 Be6 21.
Rac1 Bxe5 22. dxe5 Rd5 23. Rc7 b5 24. Bc5 Rd2 25. b4 a5 26. Re3 axb4 27. Bxb4
Rd1+ 28. Kh2 Rad8 29. Rb7 R8d5 30. Bd6 Rb1 31. Bb4 Kh7 32. Kg3 Rbd1 33. Re2
R1d3+ 34. Kh2 Rd1 35. Rc2 h5 36. Rc5 Rxc5 37. Bxc5 Bc4 38. Kg3 g5 39. h4 gxh4+
40. Kxh4 Kg6 41. Rb6+ Kf5 42. Bd6 Rh1+ 43. Kg3 h4+ 44. Kf3 Re1 45. g4+ hxg3 46.
Kxg3 Rg1+ 47. Kf3 Bd5+ 48. Ke3 Bc4 49. Rb7 Re1+ 50. Kd4 Re2 51. f4 Re4+ 52. Kc3
Rxf4 53. Rb8 Rf3+ 54. Kb4 Ke4 55. Rh8 Rb3+ 56. Ka5 Rb1 57. Rh2 Kd5 58. Rf2 Kc6
59. Rf6 Be6 60. Rf2 Rc1 61. Bb4 Bc4 62. Rd2 Bd5 63. Bd6 Rc4 64. Bb4 Re4 0-1

[Event "Mondiale Lampo FIDE 2022"]
[Site "Alma Ata"]
[Date "30.12.2022"]
[Round "19.81"]
[White "Suleimen, Ergali"]
[Black "Vetokhin, Savva"]
[Result "1/2-1/2"]
[BlackTitle ""]
[WhiteElo "2073"]
[BlackElo "2354"]
[WhiteFideId "13724452"]
[BlackFideId "44144474"]
[EventDate "29.12.2022"]

1. e4 c5 2. Nf3 e6 3. g3 d5 4. exd5 exd5 5. d4 Nf6 6. Bg2 Nc6 7. O-O Be7 8. dxc5
O-O 9. Nbd2 Bxc5 10. Nb3 Bb6 11. c3 Bg4 12. h3 Bh5 13. Qd3 Ne4 14. Be3 Bc7 15.
Nbd4 Bg6 16. Qd1 Re8 17. Nh4 Nxg3 18. fxg3 Rxe3 19. Nxg6 hxg6 20. Rf3 Qe7 21. g4
Re8 22. Qd2 Nxd4 23. Rxe3 Qxe3+ 24. Qxe3 Rxe3 25. cxd4 Re2 26. Bxd5 g5 27. Rf1
Bf4 28. Bxb7 Rxb2 29. Bd5 Rd2 30. Re1 Kf8 31. Bc6 g6 32. Re8+ Kg7 33. Re7 Rxd4
34. Kf1 Rd6 35. Ba4 Rf6 36. Kg2 a5 37. Ra7 Bd2 38. Bb3 Bb4 39. Rb7 Bc5 40. Rb5
Bb4 41. Rxg5 Ra6 42. Rb5 Ra7 43. Bd5 Bd6 44. Rb7 Rxb7 45. Bxb7 Kf6 46. Kf3 Kg5
47. Bd5 f6 48. Bf7 f5 49. gxf5 gxf5 50. Be6 Kf6 51. Bc8 Ke5 52. h4 Be7 53. h5
Bg5 54. a4 Bh6 55. Bd7 1/2-1/2

[Event "Mondiale Lampo FIDE 2022"]
[Site "Alma Ata"]
[Date "30.12.2022"]
[Round "19.82"]
[White "Tologon tegin, Semetei"]
[Black "Sapenov, Daniyal"]
[Result "1-0"]
[WhiteTitle ""]
[BlackTitle ""]
[WhiteElo "2394"]
[BlackElo "2323"]
[WhiteFideId "13800574"]
[BlackFideId "13728911"]
[EventDate "29.12.2022"]

1. Nf3 Nf6 2. g3 d5 3. Bg2 e6 4. b3 Be7 5. c4 O-O 6. O-O a5 7. cxd5 exd5 8. a4
c6 9. Bb2 h6 10. d3 Bf5 11. Nbd2 Nbd7 12. Qc2 Bh7 13. Rfe1 Qb6 14. Bd4 Bc5 15.
Qb2 Rfe8 16. Rac1 Bxd4 17. Nxd4 Ne5 18. N2f3 Nfd7 19. Bh3 Rad8 20. Nxe5 Nxe5 21.
Bf5 Qb4 22. Bxh7+ Kxh7 23. Red1 Rd7 24. Qc3 Qb6 25. Kg2 g6 26. h3 h5 27. Qc5 Qd8
28. e3 Rde7 29. Rb1 h4 30. g4 f5 31. gxf5 gxf5 32. Rg1 Rg8+ 33. Kh1 Nxd3 34. Qc2
Ne5 35. Qxf5+ Rg6 36. Rxg6 Nxg6 37. Rg1 1-0

[Event "Mondiale Lampo FIDE 2022"]
[Site "Alma Ata"]
[Date "30.12.2022"]
[Round "19.83"]
[White "Mamatov, Melis"]
[Black "Elier, Ali"]
[Result "0-1"]
[WhiteTitle ""]
[WhiteElo "2399"]
[BlackElo "2165"]
[WhiteFideId "13800027"]
[BlackFideId "16217543"]
[EventDate "29.12.2022"]

1. b4 Nf6 2. a4 g6 3. c4 Bg7 4. Bb2 O-O 5. e3 d5 6. Nf3 Bf5 7. b5 a6 8. cxd5
axb5 9. axb5 Rxa1 10. Bxa1 Nxd5 11. Bxg7 Kxg7 12. Qb3 Qd6 13. Be2 Nd7 14. O-O
Nc5 15. Qb2+ f6 16. d4 Nd3 17. Qb3 N3b4 18. Nbd2 Bc2 19. Qb2 Ra8 20. Ra1 Nd3 21.
Bxd3 Rxa1+ 22. Qxa1 Bxd3 23. e4 Nf4 24. Qa5 Ne2+ 25. Kh1 Nxd4 26. Nxd4 Qxd4 27.
Nf3 Qxf2 28. Qxc7 Kf7 29. Qxb7 Bf1 30. Qd5+ Kg7 31. Qd2 Bxg2# 0-1

[Event "Mondiale Lampo FIDE 2022"]
[Site "Alma Ata"]
[Date "30.12.2022"]
[Round "19.84"]
[White "Degenbaev, Aziz"]
[Black "Amangeldy, Ernur"]
[Result "1/2-1/2"]
[WhiteElo "2139"]
[BlackElo "2097"]
[WhiteFideId "13802640"]
[BlackFideId "13720244"]
[EventDate "29.12.2022"]

1. g3 d5 2. Bg2 Nf6 3. f4 c6 4. Nf3 g6 5. O-O Bg7 6. d3 O-O 7. c3 Nbd7 8. Qe1
Re8 9. e4 dxe4 10. dxe4 e5 11. fxe5 Nxe5 12. Nxe5 Rxe5 13. Bf4 Re8 14. Kh1 Be6
15. Nd2 Nd7 16. Qf2 Ne5 17. Bxe5 Bxe5 18. Nf3 Bg7 19. Rad1 Qe7 20. a3 a6 21. Nd4
Rad8 22. Rfe1 Bg4 23. Rb1 c5 24. Nc2 Qf6 25. Qxc5 Rd2 26. Ne3 Bf3 27. Rf1 Bxg2+
28. Nxg2 Qe6 29. Qe3 Rd7 30. Rbe1 Rde7 31. Nf4 Qxe4+ 32. Qxe4 Rxe4 33. Rxe4 Rxe4
34. Rf2 f5 35. Kg2 Kf7 36. Rd2 Re7 37. Kf3 Be5 38. Nd5 Rd7 39. c4 g5 40. b4 h5
41. Re2 Bf6 42. Ke3 b5 43. Nxf6 Kxf6 44. c5 Rd1 45. Rd2 Ra1 46. Rd6+ 1/2-1/2

[Event "Mondiale Lampo FIDE 2022"]
[Site "Alma Ata"]
[Date "30.12.2022"]
[Round "19.85"]
[White "Everett, Elijah"]
[Black "Gadimbayli, Abdulla"]
[Result "0-1"]
[BlackTitle ""]
[WhiteElo "2202"]
[BlackElo "2524"]
[WhiteFideId "12973696"]
[BlackFideId "13404938"]
[EventDate "29.12.2022"]

1. e4 e5 2. Nf3 d5 3. exd5 e4 4. Qe2 Nf6 5. Nc3 Be7 6. Nxe4 O-O 7. Nxf6+ Bxf6 8.
Qd1 Qxd5 9. Be2 c5 10. O-O Nc6 11. d3 Bf5 12. c3 Rad8 13. Be3 b6 14. Qa4 Rfe8
15. Rad1 Qd7 16. Kh1 Qd6 17. d4 cxd4 18. Bb5 Rc8 19. Nxd4 Bxd4 20. Bxd4 Re4 21.
Bxc6 Rxc6 22. Qxa7 h6 23. Bxb6 Qg6 24. Rd8+ Kh7 25. Qb8 Qh5 26. Bd4 Rce6 27. Rg8
f6 28. Qf8 Re7 29. Kg1 Rf7 30. Rh8+ Kg6 31. Qc5 Rg4 32. g3 Qh3 33. Rd8 Be4 34.
f3 Rxg3+ 35. hxg3 Qxg3+ 36. Kh1 Qh3+ 37. Kg1 Qg3+ 38. Kh1 Rc7 39. fxe4 Rxc5 40.
Rg1 Rh5# 0-1

[Event "Mondiale Lampo FIDE 2022"]
[Site "Alma Ata"]
[Date "30.12.2022"]
[Round "19.86"]
[White "Uruci, Endrit"]
[Black "Akhilbay, Imangali"]
[Result "0-1"]
[WhiteTitle ""]
[WhiteElo "2297"]
[BlackElo "2140"]
[WhiteFideId "22100199"]
[BlackFideId "13734857"]
[EventDate "29.12.2022"]

1. e4 c5 2. Nf3 Nc6 3. Bb5 d6 4. Bxc6+ bxc6 5. O-O e5 6. c3 f5 7. d3 Nf6 8. Bg5
Be7 9. Nbd2 O-O 10. h3 Be6 11. Re1 h6 12. Bxf6 Bxf6 13. exf5 Bxf5 14. Ne4 Be7
15. d4 cxd4 16. cxd4 d5 17. Ng3 e4 18. Ne5 Qe8 19. Rc1 Bd7 20. Nxd7 Qxd7 21. Qg4
Qxg4 22. hxg4 Rab8 23. b3 Rb6 24. Re2 Bf6 25. Rd1 Rb4 26. Nf5 g6 27. Nxh6+ Kg7
28. g5 Bxg5 29. Ng4 Bf6 30. Rc2 Rc8 31. Ne3 Rbb8 32. Rdc1 Bxd4 33. Nxd5 c5 34.
Re1 Re8 35. Ne3 Rb6 36. Nc4 Rf6 37. Rce2 Ref8 38. Ne3 g5 39. g3 Kg6 40. Ng4 Re6
41. Rxe4 Rxe4 42. Rxe4 Kf5 43. Re2 Kxg4 44. Kg2 Rf7 45. Rd2 Kf5 46. b4 g4 47.
bxc5 Ke5 48. c6 Rc7 49. Rc2 Kd5 50. Re2 Rxc6 51. Rd2 Rf6 52. Rc2 a5 53. Rd2 a4
54. Rc2 a3 55. Rd2 Rb6 56. Kf1 Rb2 57. Re2 Kc4 58. Ke1 Kd3 0-1

[Event "Mondiale Lampo FIDE 2022"]
[Site "Alma Ata"]
[Date "30.12.2022"]
[Round "19.87"]
[White "Nissinen, Niilo Man"]
[Black "Khusenkhojaev, Mustafokhuja"]
[Result "0-1"]
[WhiteTitle ""]
[WhiteElo "1996"]
[BlackElo "2265"]
[WhiteFideId "30950767"]
[BlackFideId "14700727"]
[EventDate "29.12.2022"]

1. e4 e5 2. Nf3 Nc6 3. d4 exd4 4. Nxd4 Nf6 5. Nxc6 bxc6 6. e5 Qe7 7. Qe2 Nd5 8.
h4 f6 9. exf6 Nxf6 10. b3 Bb7 11. Bb2 O-O-O 12. Qxe7 Bxe7 13. f3 Rde8 14. Kf2
Bc5+ 15. Kg3 Bd6+ 16. Kf2 Rhf8 17. Bxf6 Rxf6 18. Nd2 Bc5+ 19. Kg3 d5 20. Bd3 h6
21. Rae1 Rxe1 22. Rxe1 Bb4 23. Re2 Kd7 24. Nf1 Bd6+ 25. Kf2 Rf7 26. Ne3 Bc5 27.
Kf1 Re7 28. Nf5 Rxe2 29. Kxe2 Bf8 30. h5 c5 31. Nh4 Ke6 32. Ng6 Bd6 33. g4 Bc6
34. Bf5+ Kf6 35. Ke3 a5 36. a4 c4 37. Kd4 cxb3 38. cxb3 Bb7 39. Bd3 c5+ 40. Ke3
Bc8 41. Nf4 d4+ 42. Ke4 Bb7+ 43. Nd5+ Ke6 44. Bc4 Bc6 45. f4 Bxf4 46. Kxf4 Bxd5
47. Bd3 Bxb3 0-1

[Event "Mondiale Lampo FIDE 2022"]
[Site "Alma Ata"]
[Date "30.12.2022"]
[Round "20.4"]
[White "Andreikin, Dmitry"]
[Black "Duda, Jan-Krzysztof"]
[Result "0-1"]
[WhiteTitle ""]
[BlackTitle ""]
[WhiteElo "2729"]
[BlackElo "2729"]
[WhiteFideId "4158814"]
[BlackFideId "1170546"]
[EventDate "29.12.2022"]

1. Nf3 d5 2. g3 Nf6 3. Bg2 c6 4. O-O Bg4 5. d3 Nbd7 6. h3 Bh5 7. Nbd2 e5 8. e4
dxe4 9. dxe4 Bc5 10. Qe1 O-O 11. Nh4 Re8 12. Nb3 Bb6 13. Bg5 a5 14. a4 h6 15.
Bd2 Nc5 16. Nxc5 Bxc5 17. g4 Bg6 18. Nxg6 fxg6 19. Rd1 Qb6 20. g5 Nh5 21. Kh2
Rf8 22. Be3 hxg5 23. Qc3 Bxe3 24. fxe3 Qc7 25. Bf3 Kh7 26. Bxh5 gxh5 27. Qc5
Rxf1 28. Rxf1 b6 29. Qc4 Qd6 30. Qf7 Kh6 31. Kg2 Rd8 32. Rf5 Rd7 33. Qe8 Rd8 34.
Qf7 Qd2+ 35. Rf2 Qd7 36. Qb3 g4 37. h4 Qe7 38. Qxb6 Qxh4 39. Kf1 Qh1+ 40. Ke2
Qd1# 0-1

[Event "Mondiale Lampo FIDE 2022"]
[Site "Alma Ata"]
[Date "30.12.2022"]
[Round "20.5"]
[White "Artemiev, Vladislav"]
[Black "Nepomniachtchi, Ian"]
[Result "1/2-1/2"]
[WhiteTitle ""]
[BlackTitle ""]
[WhiteElo "2701"]
[BlackElo "2793"]
[WhiteFideId "24101605"]
[BlackFideId "4168119"]
[EventDate "29.12.2022"]

1. d4 Nf6 2. c4 e6 3. Nf3 d5 4. Nc3 c5 5. cxd5 cxd4 6. Qxd4 exd5 7. e4 dxe4 8.
Qxd8+ Kxd8 9. Ng5 Be6 10. Nxe6+ fxe6 11. Bg5 Nc6 12. O-O-O+ Ke8 13. Bc4 Ne5 14.
Bb5+ Kf7 15. Bxf6 gxf6 16. Nxe4 Be7 17. Rhe1 Rhd8 18. Ng5+ fxg5 19. Rxd8 Rxd8
20. Rxe5 Bd6 21. Re1 Bf4+ 22. Kb1 Be5 1/2-1/2

[Event "Mondiale Lampo FIDE 2022"]
[Site "Alma Ata"]
[Date "30.12.2022"]
[Round "20.7"]
[White "Caruana, Fabiano"]
[Black "Giri, Anish"]
[Result "1/2-1/2"]
[WhiteTitle ""]
[BlackTitle ""]
[WhiteElo "2766"]
[BlackElo "2764"]
[WhiteFideId "2020009"]
[BlackFideId "24116068"]
[EventDate "29.12.2022"]

1. d4 Nf6 2. c4 g6 3. Nf3 Bg7 4. e3 O-O 5. Be2 c5 6. d5 d6 7. Nc3 e6 8. O-O Re8
9. Nd2 Na6 10. e4 b6 11. Re1 Nc7 12. a4 Rb8 13. Nf1 exd5 14. exd5 Na6 15. Nb5
Rb7 16. Bf4 Rd7 17. Ng3 Nb4 18. Qd2 a6 19. Nc3 Rde7 20. Bf1 Rxe1 21. Rxe1 Rxe1
22. Qxe1 Ng4 23. h3 Ne5 24. Qd2 f5 25. b3 Bd7 26. Be2 Qf6 27. Nd1 Nf7 28. Qc1
Qa1 29. Qxa1 Bxa1 30. Bd2 Bf6 31. f4 Kf8 32. Nh1 h5 33. Nhf2 Nc2 34. Ne3 Nxe3
35. Bxe3 a5 36. g4 hxg4 37. hxg4 Bh4 38. Kg2 Bxf2 39. Bxf2 fxg4 40. Bh4 Ke8 41.
Bg5 Nxg5 1/2-1/2

[Event "Mondiale Lampo FIDE 2022"]
[Site "Alma Ata"]
[Date "30.12.2022"]
[Round "20.8"]
[White "Fedoseev, Vladimir3"]
[Black "Yu, Yangyi"]
[Result "1/2-1/2"]
[WhiteTitle ""]
[BlackTitle ""]
[WhiteElo "2688"]
[BlackElo "2728"]
[WhiteFideId "24130737"]
[BlackFideId "8603820"]
[EventDate "29.12.2022"]

1. d4 Nf6 2. c4 e6 3. Nf3 d5 4. Nc3 Bb4 5. cxd5 exd5 6. Bg5 h6 7. Bh4 Bf5 8. e3
Nbd7 9. Qb3 Ba5 10. Be2 c6 11. O-O Qb6 12. Nd2 O-O 1/2-1/2

[Event "Mondiale Lampo FIDE 2022"]
[Site "Alma Ata"]
[Date "30.12.2022"]
[Round "20.9"]
[White "Harikrishna, Pentala"]
[Black "Vachier-Lagrave, Maxime"]
[Result "1/2-1/2"]
[WhiteTitle ""]
[BlackTitle ""]
[WhiteElo "2705"]
[BlackElo "2737"]
[WhiteFideId "5007003"]
[BlackFideId "623539"]
[EventDate "29.12.2022"]

1. Nf3 d5 2. g3 g6 3. Bg2 Bg7 4. d4 Nf6 5. O-O O-O 6. c4 c6 7. cxd5 cxd5 8. Ne5
Nc6 9. Nc3 Bf5 10. Nxc6 bxc6 11. Bf4 Nh5 12. Be3 c5 13. Nxd5 e6 14. Nf4 cxd4 15.
Nxh5 gxh5 16. Bd2 Rb8 17. b3 h4 18. Rc1 e5 19. e3 h3 20. Bh1 d3 21. e4 Be6 22.
Be3 Qa5 23. Qxd3 Qxa2 24. Ra1 Qxb3 25. Qxb3 Rxb3 26. Rxa7 Rfb8 27. Bf3 Bf8 28.
Raa1 Kg7 29. Rfc1 Kg6 30. Be2 R8b4 31. Ra8 Bg7 32. Bf3 h5 33. Ra6 Bh6 34. Bxh6
Kxh6 35. Bd1 Rd3 36. Be2 Rd2 37. Bf1 Kg7 38. Rxe6 fxe6 39. Bxh3 Rbb2 40. Rf1 Kf6
41. Bg2 h4 42. gxh4 Rb8 43. Bf3 Rg8+ 44. Kh1 Rd3 45. Be2 Rd4 46. Bf3 Rd3 47. Be2
Rh3 48. h5 Rh4 49. Bd1 Rxe4 50. h3 Rf4 51. Bg4 e4 52. Kg2 Rd8 53. Kg3 e5 54. Re1
Rd3+ 55. Re3 Kg5 56. Be2 Rd2 57. Kg2 Rd6 58. Rg3+ Kh6 59. Kg1 Rdf6 60. Rg2 Rh4
61. Bg4 Rd6 62. Rg3 Rd3 63. Kg2 Rd4 64. Re3 Kg5 65. Kg3 Rd3 66. Kg2 Kf4 67. Rg3
Rd8 68. Re3 Rg8 69. Rg3 Rg5 70. Kh2 1/2-1/2

[Event "Mondiale Lampo FIDE 2022"]
[Site "Alma Ata"]
[Date "30.12.2022"]
[Round "20.10"]
[White "Abdusattorov, Nodirbek"]
[Black "Madaminov, Mukhiddin"]
[Result "1-0"]
[WhiteTitle ""]
[BlackTitle ""]
[WhiteElo "2713"]
[BlackElo "2438"]
[WhiteFideId "14204118"]
[BlackFideId "14210703"]
[EventDate "29.12.2022"]

1. e4 e5 2. Nf3 Nc6 3. Bb5 a6 4. Ba4 Nf6 5. O-O Nxe4 6. d4 b5 7. Bb3 d5 8. dxe5
Be6 9. c3 Be7 10. Nbd2 O-O 11. Bc2 f5 12. exf6 Nxf6 13. Re1 Bg4 14. h3 Bh5 15.
Qe2 Bd6 16. a4 b4 17. a5 bxc3 18. bxc3 Ne5 19. Ba3 Re8 20. Qd1 Nxf3+ 21. Nxf3
Rxe1+ 22. Qxe1 Bxf3 23. Qe6+ Kf8 24. gxf3 Bxa3 25. Rxa3 Qe8 26. Qxe8+ Kxe8 27.
Rb3 Kd7 28. Bd3 h6 29. Kg2 Nh5 30. Rb4 g5 31. Bf1 Kd6 32. h4 Nf4+ 33. Kg3 Ne6
34. hxg5 hxg5 35. Kg4 Rf8 36. Bd3 Ke5 37. Rb1 Rf4+ 38. Kg3 Ra4 39. Bxa6 Rxa5 40.
Bc8 Nf4 41. Kg4 Kf6 42. Rh1 Nd3 43. Rh6+ Ke7 44. Bf5 Nxf2+ 45. Kxg5 Nd1 46. Rc6
Ne3 47. Re6+ Kd7 48. Rxe3+ Kd6 49. f4 Ra1 50. Bg4 Ra3 51. f5 1-0

[Event "Mondiale Lampo FIDE 2022"]
[Site "Alma Ata"]
[Date "30.12.2022"]
[Round "20.11"]
[White "Lazavik, Denis"]
[Black "Salem, A.R. Saleh"]
[Result "1/2-1/2"]
[WhiteTitle ""]
[BlackTitle ""]
[WhiteElo "2537"]
[BlackElo "2677"]
[WhiteFideId "13515110"]
[BlackFideId "9301348"]
[EventDate "29.12.2022"]

1. d4 Nf6 2. c4 g6 3. g3 Bg7 4. Bg2 O-O 5. Nc3 d6 6. Nf3 Nc6 7. O-O e5 8. d5 Nb8
9. e4 a5 10. Rb1 Na6 11. b3 Nd7 12. a3 Nb6 13. Be3 Nc5 14. b4 axb4 15. axb4 Nca4
16. Nxa4 Nxa4 17. Qb3 Bd7 18. c5 Bb5 19. Rfc1 Qd7 20. Ra1 Ra6 21. Bf1 Bxf1 22.
Rxf1 Qb5 23. Rac1 dxc5 24. Bxc5 Nxc5 25. Rxc5 Qd7 26. Rfc1 c6 27. dxc6 Rxc6 28.
Rxc6 bxc6 29. Qc4 Qb7 30. Kg2 h6 31. h4 Rb8 32. Qxc6 Qxc6 33. Rxc6 Rxb4 34. Rc8+
Kh7 35. Rc7 1/2-1/2

[Event "Mondiale Lampo FIDE 2022"]
[Site "Alma Ata"]
[Date "30.12.2022"]
[Round "20.12"]
[White "Grischuk, Alexander"]
[Black "Moussard, Jules"]
[Result "1-0"]
[WhiteTitle ""]
[BlackTitle ""]
[WhiteElo "2745"]
[BlackElo "2684"]
[WhiteFideId "4126025"]
[BlackFideId "642908"]
[EventDate "29.12.2022"]

1. Nf3 Nf6 2. g3 g6 3. c4 Bg7 4. Nc3 d6 5. Bg2 O-O 6. d4 Nbd7 7. O-O e5 8. e4
exd4 9. Nxd4 Nc5 10. h3 Re8 11. Re1 h6 12. Rb1 a5 13. b3 Nfd7 14. Be3 c6 15. Qc2
Ne6 16. Nde2 Qc7 17. Rbd1 h5 18. f4 Nec5 19. Bf2 b6 20. a3 Bb7 21. Nd4 Rad8 22.
b4 axb4 23. axb4 Ne6 24. Nf3 Nef8 25. Qd3 Nb8 26. b5 Ne6 27. bxc6 Bxc6 28. Nd5
Bxd5 29. cxd5 Nc5 30. Qc2 Nbd7 31. Nd4 Ra8 32. Nb5 Qb8 33. e5 dxe5 34. f5 e4 35.
fxg6 fxg6 36. d6 Nd3 37. Rxe4 Nxf2 38. Qxf2 Rf8 39. Qe2 Ra5 40. Re7 Nf6 41. Nc7
Bh6 42. Ne6 h4 43. Nxf8 Qxf8 44. Qe6+ Kh8 45. Rf7 1-0

[Event "Mondiale Lampo FIDE 2022"]
[Site "Alma Ata"]
[Date "30.12.2022"]
[Round "20.13"]
[White "Nihal, Sarin"]
[Black "Dardha, Daniel"]
[Result "1/2-1/2"]
[WhiteTitle ""]
[BlackTitle ""]
[WhiteElo "2670"]
[BlackElo "2606"]
[WhiteFideId "25092340"]
[BlackFideId "240990"]
[EventDate "29.12.2022"]

1. d4 d5 2. Nf3 Nf6 3. c3 Bf5 4. Qb3 Qc8 5. c4 dxc4 6. Qxc4 e6 7. g3 Nbd7 8. Bg2
c5 9. Nc3 Be7 10. O-O O-O 11. dxc5 Nxc5 12. Nh4 Nce4 13. Qxc8 Raxc8 14. Nxf5
exf5 15. Be3 Bc5 16. Nxe4 Nxe4 17. Bxe4 fxe4 18. Rfc1 Bxe3 19. fxe3 h5 20. Kf2
Rfd8 21. a4 Kh7 22. a5 a6 23. Rxc8 Rxc8 24. Ra4 Rc5 25. Rb4 Rxa5 26. Rxb7 Kg6
27. Rb6+ f6 28. b4 Ra1 29. b5 axb5 30. Rxb5 Ra7 31. Rb4 Re7 32. Rb5 Re8 33. Rb4
Re5 34. Ra4 Kf5 35. h3 Rc5 36. Rb4 Ke5 1/2-1/2

[Event "Mondiale Lampo FIDE 2022"]
[Site "Alma Ata"]
[Date "30.12.2022"]
[Round "20.14"]
[White "Kobalia, Mikhail"]
[Black "Yoo, Christopher Woojin"]
[Result "1/2-1/2"]
[WhiteTitle ""]
[BlackTitle ""]
[WhiteElo "2577"]
[BlackElo "2575"]
[WhiteFideId "4119150"]
[BlackFideId "30909694"]
[EventDate "29.12.2022"]

1. e4 c5 2. Nf3 d6 3. Bb5+ Nd7 4. O-O Nf6 5. Re1 a6 6. Bf1 b5 7. c3 Bb7 8. d3 e5
9. g3 Be7 10. Bg2 O-O 11. Nbd2 Re8 12. Nf1 Bf8 13. Ne3 Qc7 14. Nd2 Nb6 15. Qc2
d5 16. exd5 Nbxd5 17. Ne4 Rad8 18. a4 Nxe4 19. dxe4 Nxe3 20. Bxe3 Bc6 21. axb5
axb5 22. Red1 Qb7 23. f3 Ra8 24. Qf2 c4 25. h4 Rxa1 26. Rxa1 Ra8 27. Qe1 Rxa1
28. Qxa1 b4 29. Bf1 bxc3 30. bxc3 Qb3 31. Qa5 Bb5 32. Qd8 Qa3 33. Qb8 Bd7 34.
Bxc4 h5 35. Qb3 Qa1+ 36. Kg2 Qe1 37. Bxf7+ Kh7 38. Bg8+ Kh8 39. Qf7 Bh3+ 40. Kh2
Qxe3 41. Kxh3 Qg1 42. Qxh5+ Kxg8 43. Qxe5 Qe3 44. Kg4 Bc5 45. h5 Kh7 46. Qf5+
Kh8 47. Qe5 Kh7 48. Qf5+ Kh8 49. Qe6 Qxc3 50. h6 gxh6 51. Qxh6+ Kg8 52. Qg6+ Kf8
53. Qf5+ Kg7 54. Qd7+ Kf8 55. Qf5+ Kg7 56. f4 Bf2 57. Qd7+ Kf8 58. Qd6+ Kf7 59.
Qd5+ Kg7 60. Qd7+ Kf8 61. Qf5+ Kg7 62. Qd7+ Kg8 63. Qe8+ Kg7 64. Qe7+ Kg8 65.
Qe6+ Kf8 66. Qd6+ Kf7 67. Qd7+ Kg8 68. Qe8+ Kg7 69. Qe7+ Kg8 70. Qg5+ Kh7 71.
Kh3 Qf3 72. Qh4+ Kg7 73. Qg4+ Qxg4+ 74. Kxg4 Kf6 75. e5+ Ke6 76. Kf3 Be1 77. g4
Kd5 78. g5 Bb4 79. Kg4 Ke6 80. g6 Bf8 81. Kg5 Bg7 82. Kg4 Bf8 83. Kg3 Kf5 84.
Kf3 Kxg6 85. Ke4 Be7 86. f5+ Kg5 87. f6 Bf8 88. Kd5 Kf5 89. e6 Kxf6 90. e7 Bxe7
91. Ke4 1/2-1/2

[Event "Mondiale Lampo FIDE 2022"]
[Site "Alma Ata"]
[Date "30.12.2022"]
[Round "20.15"]
[White "Esipenko, Andrey"]
[Black "Andriasian, Zaven"]
[Result "1-0"]
[WhiteTitle ""]
[BlackTitle ""]
[WhiteElo "2678"]
[BlackElo "2580"]
[WhiteFideId "24175439"]
[BlackFideId "13302000"]
[EventDate "29.12.2022"]

1. e4 c5 2. Nf3 d6 3. Bb5+ Nc6 4. O-O Bd7 5. Re1 Nf6 6. c3 a6 7. Bf1 Bg4 8. h3
Bxf3 9. Qxf3 e6 10. d3 Be7 11. Nd2 d5 12. Qd1 O-O 13. e5 Nd7 14. Nf3 b5 15. Bf4
Qb6 16. h4 b4 17. h5 Rfc8 18. Qd2 Rab8 19. Re2 a5 20. c4 dxc4 21. dxc4 Nd4 22.
Re3 Nf8 23. Nxd4 cxd4 24. Rg3 d3 25. Bxd3 Rd8 26. Bh6 g6 27. Qe2 Bh4 28. Be3 Qc7
29. Rg4 Be7 30. Bh6 Rd7 31. Rd1 Rbd8 32. Bc2 Rxd1+ 33. Bxd1 Bc5 34. Bc2 Rd4 35.
Rg3 Rh4 36. Bg5 Rxh5 37. Qxh5 gxh5 38. Bd8+ 1-0

[Event "Mondiale Lampo FIDE 2022"]
[Site "Alma Ata"]
[Date "30.12.2022"]
[Round "20.16"]
[White "Amin, Bassem"]
[Black "Tsydypov, Zhamsaran"]
[Result "1-0"]
[WhiteTitle ""]
[BlackTitle ""]
[WhiteElo "2682"]
[BlackElo "2534"]
[WhiteFideId "10601457"]
[BlackFideId "4108566"]
[EventDate "29.12.2022"]

1. Nf3 d5 2. g3 Nf6 3. Bg2 Bf5 4. O-O e6 5. d3 c6 6. Nbd2 h6 7. b3 Be7 8. Bb2
O-O 9. c4 Nbd7 10. a3 Bh7 11. b4 Qc7 12. Qb3 Rac8 13. Rac1 Qb8 14. Rfe1 e5 15.
cxd5 cxd5 16. d4 e4 17. Ne5 Rxc1 18. Rxc1 Rd8 19. Bh3 Nxe5 20. dxe5 Ne8 21. Bd4
Bg6 22. Qc3 Bh5 23. Kf1 Kh7 24. Nb3 Bg5 25. e3 Bf3 26. e6 fxe6 27. Bxe6 Qd6 28.
Bf5+ g6 29. Bh3 Be7 30. Bxa7 Qa6+ 31. Kg1 Qxa7 32. Qe5 b6 33. Nd4 Bf6 34. Qe6
Bxd4 35. exd4 h5 36. Rc6 Qg7 37. Rxb6 Nc7 38. Qc6 Rf8 39. a4 Rf7 40. a5 Kh8 41.
a6 Qxd4 42. Qxg6 Qa1+ 43. Bf1 Qg7 44. Rb8+ Rf8 45. Rxf8+ Qxf8 46. a7 d4 47. b5
d3 48. b6 d2 49. b7 d1=Q 50. b8=Q Qdd8 51. Qxd8 Qxd8 52. Qh6+ Kg8 53. Bc4+ Nd5
54. Qe6+ Kg7 55. Qxd5 1-0

[Event "Mondiale Lampo FIDE 2022"]
[Site "Alma Ata"]
[Date "30.12.2022"]
[Round "20.17"]
[White "Adhiban, Baskaran"]
[Black "Matlakov, Maxim"]
[Result "0-1"]
[WhiteTitle ""]
[BlackTitle ""]
[WhiteElo "2611"]
[BlackElo "2662"]
[WhiteFideId "5018471"]
[BlackFideId "4168003"]
[EventDate "29.12.2022"]

1. d4 d5 2. c4 e6 3. Nf3 Nf6 4. g3 Bb4+ 5. Nc3 O-O 6. Bg2 dxc4 7. O-O Nc6 8. a3
Be7 9. e4 a6 10. h4 b5 11. e5 Nd5 12. Ng5 h6 13. Nge4 Bb7 14. Qg4 Kh7 15. Ng5+
hxg5 16. hxg5 Rh8 17. g6+ Kg8 18. Nxd5 exd5 19. Qf5 fxg6 20. Qxg6 Nxd4 21. Rd1
c5 22. Be3 Qe8 23. Qb6 Qc6 24. Qa5 Rf8 25. Bxd4 cxd4 26. Rxd4 Bc5 27. Rad1 Bxd4
28. Rxd4 Qh6 29. Qe1 Qh2+ 30. Kf1 Qxg3 31. e6 Rh2 0-1